00436nam a2200133 a 450000500170000000800410001705000240005810000280008224500240011026000440013444000510017865000610022965000120029020140414131859.0100914s19uu xx 00 eng d aFIL 361.3bJ56 2007 aJimenez, Gidget Roceles aThe poor man's van. aManila, Philippines :bBookmark,c2007. aGreat men and women of Asia- children's series aSocial workersxPakistanxBiographyxJuvenile literature a x x